000 00383nam a22001697a 4500
003 MPLRDC
005 20220104143234.0
008 210129b ||||| |||| 00| 0 eng d
082 _a857.6 YLY
100 _a高洁著
245 _a水中莲
_c
260 _a
_b道声出版社
_c1974
300 _b
490 _a道声人人丛书;41
650 _a
942 _cBK
_o857.6 YLY
999 _c37965
_d37955